| 000 | 00462cam a2200181ua 4500 | ||
|---|---|---|---|
| 020 | _c1.90 | ||
| 041 |
_aeng _h |
||
| 082 |
_a823.301 _bBAL/ST |
||
| 100 | _aBalakrishnan, T K . | ||
| 245 |
_aStories for young and old:An anthology / _cT K Balakrishnan. _hTextual Documents |
||
| 260 |
_aCochin : _bPaico Publishing House , _c1968. |
||
| 300 | _a107 ; . | ||
| 365 | _a1.90 | ||
| 504 | _a | ||
| 942 | _cBK | ||
| 999 |
_c4303 _d4303 |
||